Przystanki autobusu 67 zditm - Statystyki

Ogólne statystyki
  • Ten quiz został rozwiązany 3 razy
  • Średni wynik to 8 z 16
Statystyki odpowiedzi
% Poprawnych
16 Karola Miarki
100%
12 Witkiewicza
100%
5 Kołłątaja
67%
9 Łękno
67%
10 Lindego
67%
14 Ogrody Santocka
67%
7 Piotra Skargi
67%
11 Poniatowskiego
67%
1 Stocznia Szczecińska
67%
15 Świerczewska
67%
2 Emilii Plater
33%
3 Szczanieckiej
33%
8 Bogumiły
0%
6 Jasne Błonia
0%
4 Ofiar Oświęcimia
0%
13 Osiedle Przyjaźni
0%
Nie znaleziono quizów pasujących do podanych kryteriów
Rozkład punktacji
Procent ludzi z każdym wynikiem
Percentyl według liczby udzielonych odpowiedzi
Twoja historia wyników
Nie rozwiązałeś tego quizu